Normal view MARC view
  • Mandela, Nelson,

Entry Personal Name

Number of records used in: 1

001 - CONTROL NUMBER

  • control field: 8078

003 - CONTROL NUMBER IDENTIFIER

  • control field: OSt

005 - DATE AND TIME OF LATEST TRANSACTION

  • control field: 20170525112403.0

008 - FIXED-LENGTH DATA ELEMENTS

  • fixed length control field: 170525|| aca||aabn | a|a d

040 ## - CATALOGING SOURCE

  • Original cataloging agency: OSt
  • Transcribing agency: OSt

100 ## - HEADING--PERSONAL NAME

  • Personal name: Mandela, Nelson,
  • Dates associated with a name: 1918-

670 ## - SOURCE DATA FOUND

  • Source citation: Work cat.: (OSt)0: Meer, Fatima 8077, Higher than hope :, 1990, c1988
Pusat Sumber Maklumat Dato' Haji Sarmin Md Hussin, Akademi Kastam Diraja Malaysia, Melaka
Tel: 06-2331106 | Faks: 06-2313787